000 02257cam a22004697a 4500
001 15728905
003 OSt
005 20230602121725.0
008 090507s2008 qucab 000 0 eng
010 _a 2009366864
020 _a9782763787244
035 _a(OCoLC)ocn244205576
040 _aNLC
_beng
_cNLC
_dEGM
_dYDXCP
_dVP@
_dCDX
_dDLC
042 _alccopycat
043 _an-cn---
_an-cn-qu
082 0 4 _a027.071
_bLAC
245 0 0 _aReaching out :
_binnovation in Canadian libraries /
_cLibrary and Archives Canada, Bibliothèque et Archives nationales du Québec ; edited by Yvon-André Lacroix ; [translation, Centre des services partagés du Québec].
246 3 0 _aInnovation in Canadian libraries
260 _a[Québec] :
_bPresses de l'Université Laval,
_c2008.
300 _a125 p. :
_bcol. ill., col. map ;
_c27 cm.
500 _aIssued also in French under title: Rayonner et partager : l'innovation dans les bibliothèques canadiennes.
500 _aPublished on the occasion of the 74th World Congress of the International Federation of Library Associations and Institutions (IFLA), being held in Quebec City from Aug. 10th to 14th, 2008. Cf P. 11.
550 _aCo-published by: Library and Archives Canada and Bibliothèque et archives nationales du Québec.
650 0 _aLibraries
_xTechnological innovations
_zCanada.
650 0 _aLibraries
_xTechnological innovations
_zQuébec (Province)
650 0 _aPublic services (Libraries)
_zCanada.
650 0 _aLibrary users
_zCanada.
650 0 _aDigital libraries
_zCanada.
650 0 _aLibraries
_xData processing.
650 6 _aBibliothèques
_xInnovations
_zCanada.
650 6 _aBibliothèques
_xInnovations
_zQuébec (Province)
650 6 _aBibliothèques
_xServices aux utilisateurs
_zCanada.
650 6 _aUtilisateurs des bibliothèques
_zCanada.
650 6 _aBibliothèques virtuelles
_zCanada.
650 6 _aBibliothèques
_xInformatique.
700 1 _aLacroix, Yvon-André.
710 2 _aLibrary and Archives Canada.
710 2 _aBibliothèque et Archives nationales du Québec.
906 _a7
_bcbc
_ccopycat
_d2
_encip
_f20
_gy-gencatlg
942 _2ddc
_cBK
999 _c122
_d122